Historia económica de Colombia : (Registro nro. 5445)

Detalles MARC
000 -LEADER
fixed length control field 01071nam a2200265Ia 4500
003 - CONTROL NUMBER IDENTIFIER
control field OSt
005 - DATE AND TIME OF LATEST TRANSACTION
control field 20200717165608.0
008 - FIXED-LENGTH DATA ELEMENTS--GENERAL INFORMATION
fixed length control field 191128s1975 ck ad gr 000 0 spa d
040 ## - CATALOGING SOURCE
Original cataloging agency CO-JMCR
Transcribing agency CO-JMCR
041 1# - LANGUAGE CODE
Language code of text/sound track or separate title spa
Language code of original eng
082 04 - DEWEY DECIMAL CLASSIFICATION NUMBER
Classification number 330.9861 /
Item number M478h
Edition number 23
100 1# - MAIN ENTRY--PERSONAL NAME
Personal name McGreevey, William Paul,
Relator term autor
9 (RLIN) 7480
245 10 - TITLE STATEMENT
Title Historia económica de Colombia :
Remainder of title 1845 - 1930 /
Statement of responsibility, etc. William Paul McGreevey ; traducción de Haroldo Calvo Stevenson
250 ## - EDITION STATEMENT
Edition statement Primera edición
260 ## - PUBLICATION, DISTRIBUTION, ETC.
Place of publication, distribution, etc. Bogotá :
Name of publisher, distributor, etc. Tercer Mundo,
Date of publication, distribution, etc. 1975.
300 ## - PHYSICAL DESCRIPTION
Extent viii, 324 páginas :
Other physical details gráficos a blanco y negros, [2] mapas ;
Dimensions 23 cm.
490 0# - SERIES STATEMENT
Series statement Aventura del desarrollo ;
Volume/sequential designation 14
505 0# - FORMATTED CONTENTS NOTE
Formatted contents note El ambiente económico -- El periodo liberal -- La expansión del café
546 ## - LANGUAGE NOTE
Language note Traducido del inglés
650 14 - SUBJECT ADDED ENTRY--TOPICAL TERM
Topical term or geographic name entry element Historia económica
General subdivision Historia
-- Industria del café
Geographic subdivision Colombia
9 (RLIN) 7481
650 24 - SUBJECT ADDED ENTRY--TOPICAL TERM
Topical term or geographic name entry element Condiciones económicas
Geographic subdivision Colombia
9 (RLIN) 6839
650 24 - SUBJECT ADDED ENTRY--TOPICAL TERM
Topical term or geographic name entry element Política económica
Chronological subdivision 1845-1930
Geographic subdivision Colombia
9 (RLIN) 7482
700 1# - ADDED ENTRY--PERSONAL NAME
Personal name Calvo Stevenson, Harold,
Relator term traductor
9 (RLIN) 7483
942 ## - ADDED ENTRY ELEMENTS (KOHA)
Source of classification or shelving scheme Dewey Decimal Classification
Koha item type Books
Existencias
Withdrawn status Lost status Source of classification or shelving scheme Materials specified (bound volume or other part) Damaged status Not for loan Home library Current library Shelving location Date acquired Source of acquisition Full call number Barcode Date last seen Copy number Price effective from Koha item type Total Checkouts
    Dewey Decimal Classification Donación--15/04/2018--     Biblioteca Pública José María del Castillo y Rada Biblioteca Pública José María del Castillo y Rada General Stacks 11/28/2019 Donación 330.9861 / M478h 430001930 05/16/2024 Ej.1 11/28/2019 Books  
    Dewey Decimal Classification       Biblioteca Pública José María del Castillo y Rada Biblioteca Pública José María del Castillo y Rada General Stacks 04/15/2018 Donación 330.9861 / M478h 430005030 05/16/2024 Ej.2 07/17/2020 Books